| 000 | 00739cam a2200253 i 4500 | ||
|---|---|---|---|
| 001 | 14799 | ||
| 003 | BD-RjUL | ||
| 005 | 20211208235708.0 | ||
| 008 | 140208s1977 ii af b 001 0 eng | ||
| 035 | _a(BD-RjUL)14853 | ||
| 040 |
_aDLC _cDLC _dDLC _dBD-RjUL _beng |
||
| 041 | _aeng | ||
| 082 | 0 | 0 |
_a398.369861 _bTHP 1977 |
| 100 | 2 |
_aThankappan Nair, P. _946099 |
|
| 245 | 1 | 4 |
_aThe peacock, the national bird of India / _cP. Thankappan Nair. |
| 260 |
_aCalcutta : _bFirma KLM, _c1977. |
||
| 300 |
_axv, 340 p. : _bill. ; _c22 cm. |
||
| 504 | _aBibliography: p. [266]-279. | ||
| 504 | _aIncludes indexes. | ||
| 650 | 0 |
_aPeafowl _xFolklore. _946100 |
|
| 650 | 0 |
_aEmblems, National _zIndia. _946101 |
|
| 942 |
_2ddc _cBK |
||
| 999 |
_c14799 _d14799 |
||